logo

Bir Sreshtho Munshi Abdur Rouf Library
Jhenaidah Cadet College

মুসলিম রাষ্ট্র পরিচালন ব্যবস্থা / (Record no. 6436)

MARC details
000 -LEADER
fixed length control field 00895nam a2200229 a 4500
001 - CONTROL NUMBER
JCCL Control Number 6436
003 - CONTROL NUMBER IDENTIFIER
JCCL marc code BD-JhCC
005 - DATE AND TIME OF LATEST TRANSACTION
control field 20180123190909.0
008 - FIXED-LENGTH DATA ELEMENTS--GENERAL INFORMATION
fixed length control field 180123s1981 bg ||||| |||| 00| 0 ben d
035 ## - SYSTEM CONTROL NUMBER
system control number (BD-JhCC)
040 ## - CATALOGING SOURCE
Original cataloging agency BD-JhCC
Modifying agency BD-JhCC
041 ## - LANGUAGE CODE
Language code of Book ben
082 ## - DEWEY DECIMAL CLASSIFICATION NUMBER
Classification number 297.124
Author mark and Year HAB 1981
100 ## - MAIN ENTRY--PERSONAL NAME
Personal name হাবিবুল্লাহ, মুহাম্মদ
245 ## - TITLE STATEMENT
Title মুসলিম রাষ্ট্র পরিচালন ব্যবস্থা /
Statement of responsibility, etc ড: মুহাম্মদ হাবিবুল্লাহ; শরীফ আবদুল্লাহ হারুন
260 ## - PUBLICATION, DISTRIBUTION, ETC. (IMPRINT)
Place of publication, distribution, etc ঢাকা :
Name of publisher, distributor, etc ইসলামী ফাউণ্ডেশন বাংলাদেশ,
Date of publication, distribution, etc ১৯৮১
300 ## - PHYSICAL DESCRIPTION
Pagination 431 p. :
Dimensions 20cm.
650 ## - SUBJECT ADDED ENTRY--TOPICAL TERM
Topical term or geographic name as entry element Islam and politics
700 ## - ADDED ENTRY--PERSONAL NAME
Personal name হারুন, আবদুল্লাহ,শরীফ
942 ## - ADDED ENTRY ELEMENTS (KOHA)
Source of classification or shelving scheme Dewey Decimal Classification
Koha item type Books
Holdings
Source of classification or shelving scheme Damaged status Not for loan Home library Current library Shelving location Cost, normal purchase price Total Checkouts Full call number Barcode Date last seen Copy number Koha item type
Dewey Decimal Classification     JCC Rouf Library JCC Rouf Library General Stacks 40.00   297.124 HAB 1981 747 01/23/2018 C - 1 Books

JCC Library | Contacts | JCC Home

Last Update on 23 September 2017
Copyright @ 2017-2020 JCC Rouf Library
Rouf Library, Jhenidah Cadet College (JCC), Bangladesh